Top Grossing Movies - Statistics

General Stats
  • This quiz has been taken 753 times
    6 since last reset
  • The average score is 25 of 50
Answer Stats
Hint Gross ($) Answer % Correct
2009 2.924B Avatar
100%
2019 2.798B Avengers: Endgame
100%
2018 2.048B Avengers: Infinity War
100%
2018 1.348B Black Panther
100%
1997 2.258B Titanic
100%
2018 1.149B Aquaman
83%
2022 2.320B Avatar: The Way of Water
83%
2023 1.447B Barbie
83%
2021 1.923B Spider-Man: No Way Home
83%
2015 2.068B Star Wars: The Force Awakens
83%
2012 1.519B The Avengers
83%
2019 1.663B The Lion King
83%
2015 1.403B Avengers: Age Of Ultron
67%
2016 1.153B Captain America: Civil War
67%
2019 1.128B Captain Marvel
67%
2024 1.338B Deadpool & Wolverine
67%
2013 1.290B Frozen
67%
2019 1.450B Frozen II
67%
2017 1.333B Star Wars: The Last Jedi
67%
2019 1.074B Star Wars: The Rise of Skywalker
67%
2024 1.698B Inside Out 2
50%
1993 1.038B Jurassic Park
50%
2015 1.672B Jurassic World
50%
2024 1.059B Moana 2
50%
2019 1.132B Spider-Man: Far From Home
50%
2012 1.082B The Dark Knight Rises
50%
2023 1.363B The Super Mario Bros. Movie
50%
2022 1.496B Top Gun: Maverick
50%
2019 1.051B Aladdin
33%
2012 1.274B Beauty and the Beast
33%
2011 1.342B Harry Potter and The Deathly Hallows - Part 2
33%
2018 1.243B Incredibles 2
33%
2013 1.215B Iron Man 3
33%
2019 1.074B Joker
33%
2015 1.159B Minions
33%
2025 2.228B Ne Zha 2
33%
2016 1.057B Rogue One: A Star Wars Story
33%
1999 1.047B Star Wars Episode I: The Phantom Menace
33%
2003 1.148B The Lord Of The Rings: Return Of The King
33%
2010 1.067B Toy Story 3
33%
2019 1.073B Toy Story 4
33%
2015 1.515B Furious 7
17%
2018 1.310B Jurassic World: Fallen Kingdom
17%
2012 1.109B Skyfall
17%
2014 1.104B Transformers: Age of Extinction
17%
2011 1.124B Transformers: Dark Of The Moon
17%
2025 1.038B Lilo & Snitch
0%
2006 1.066B Pirates Of The Caribbean: Dead Man's Chest
0%
2011 1.046B Pirates Of The Caribbean: On Strangers Tides
0%
2017 1.236B The Fate of the Furious
0%
No matching quizzes found
Score Distribution
Percent of People with Each Score
Percentile by Number Answered
Your Score History
You have not taken this quiz since the last reset